| 000 | 00356nam a2200145Ia 4500 | ||
|---|---|---|---|
| 008 | 230312s9999||||xx |||||||||||||| ||und|| | ||
| 020 | _a978-8126533169 | ||
| 082 |
_a620.0042 _bKAD-E |
||
| 100 | _aKaduskar;G.R | ||
| 245 | 0 | _aElectronic Product Design | |
| 260 |
_bWiley _aIndia _c2014 |
||
| 300 | _a500 | ||
| 650 |
_aEngineering _vElectrical |
||
| 942 | _cBK | ||
| 999 |
_c14175 _d14175 |
||